USA Battle Royale: Day 3 - Statistics

General Stats
  • This quiz has been taken 6 times
  • The average score is 4 of 10
Answer Stats
Question Answer % Correct
Virginia Yes, I want to save this state from elimination.
60%
North Carolina Yes, I want to save this state from elimination.
60%
Louisiana Yes, I want to save this state from elimination.
60%
Illinois Yes, I want to save this state from elimination.
40%
Florida Yes, I want to save this state from elimination.
40%
Alabama Yes, I want to save this state from elimination.
40%
Mississippi Yes, I want to save this state from elimination.
40%
Indiana Yes, I want to save this state from elimination.
20%
South Carolina Yes, I want to save this state from elimination.
20%
Arkansas Yes, I want to save this state from elimination.
0%
No matching quizzes found
Score Distribution
Percent of People with Each Score
Percentile by Number Answered
Your Score History
You have not taken this quiz